00379cam a22001097a 4500008004000000082001400040245008800054260005700142300000900199650002000208700004100228180718b1960 xxu||||| |||| 00| 0 eng d aK238 N213 aSeverance pay patterns in noomanufacturingcby National Industrial Conference Board aNew YorkbNational Industrial Conference Boardc1960 a34p. aDismissal Wages aNational Industrial Conference Board